000 00693cam a22002417a 4500
001 106904
005 20230410103553.0
008 840410|1978 ||| 000 0 spa
035 _9(DLC) 84147868
035 _a485952
040 _aDLC
_cDLC
_dDLC
050 1 4 _a118 QK 231
_bA312 1978
082 0 0 _a581.97293
245 1 3 _aEl Aje :
_bun enigma descifrado.
260 _aSanto Domingo :
_bMuseo del Hombre Dominicano,
_c1978.
300 _a121 p. : ill. ; 21 cm.
440 0 _aSerie Mesas redondas ; no. 1
650 4 _aBotánica
_zRepública Dominicana
650 0 _aBotany
_zDominican Republic.
650 4 _aCES.
650 4 _aColección Enriquillo Sánchez.
942 _2lcc
_cbk
999 _c21546
_d21546